000 00333nam a2200121Ia 4500
008 190216s9999||||xx |||||||||||||| ||und||
100 _aJanaki Iyer & Veena Chawla
245 0 _aEarly Indian Political History
260 _bOrient Longman
_c1983
300 _a318p
650 _aPolitical Theories-Political Theories
942 _cBK
999 _c34833
_d34833